Global Forest Monitoring from Earth Observation.

Bibliographic Details
Main Author: Achard, Frederic.
Other Authors: Hansen, Matthew C.
Format: eBook
Language:English
Published: Milton : Taylor & Francis Group, 2012.
Edition:1st ed.
Subjects:
Online Access:Click to View
LEADER 01479nam a22003733i 4500
001 EBC7244705
003 MiAaPQ
005 20231204023228.0
006 m o d |
007 cr cnu||||||||
008 231204s2012 xx o ||||0 eng d
020 |a 9781466552029  |q (electronic bk.) 
020 |z 9781466552012 
035 |a (MiAaPQ)EBC7244705 
035 |a (Au-PeEL)EBL7244705 
035 |a (OCoLC)1202565945 
040 |a MiAaPQ  |b eng  |e rda  |e pn  |c MiAaPQ  |d MiAaPQ 
082 0 |a 333.75 
100 1 |a Achard, Frederic. 
245 1 0 |a Global Forest Monitoring from Earth Observation. 
250 |a 1st ed. 
264 1 |a Milton :  |b Taylor & Francis Group,  |c 2012. 
264 4 |c Ã2013. 
300 |a 1 online resource (355 pages) 
336 |a text  |b txt  |2 rdacontent 
337 |a computer  |b c  |2 rdamedia 
338 |a online resource  |b cr  |2 rdacarrier 
588 |a Description based on publisher supplied metadata and other sources. 
590 |a Electronic reproduction. Ann Arbor, Michigan : ProQuest Ebook Central, 2023. Available via World Wide Web. Access may be limited to ProQuest Ebook Central affiliated libraries.  
655 4 |a Electronic books. 
700 1 |a Hansen, Matthew C. 
776 0 8 |i Print version:  |a Achard, Frederic  |t Global Forest Monitoring from Earth Observation  |d Milton : Taylor & Francis Group,c2012  |z 9781466552012 
797 2 |a ProQuest (Firm) 
856 4 0 |u https://ebookcentral.proquest.com/lib/matrademy/detail.action?docID=7244705  |z Click to View